[Event "CRO-chT2 East"]
[Site "Croatia"]
[Date "2011.04.16"]
[Round "4"]
[White "Radosavljevic, Petar"]
[Black "Matanovic, Luka"]
[Result "1-0"]
[WhiteElo "2127"]
[BlackElo "1835"]
[PlyCount "123"]
[EventDate "2011.04.02"]
[EventType "tourn"]
[EventRounds "11"]
[EventCountry "CRO"]
[SourceTitle "EXT 2014"]
[Source "ChessBase"]
[SourceDate "2013.11.20"]
[SourceVersion "1"]
[SourceVersionDate "2013.11.20"]
[SourceQuality "1"]

1. d4 d5 2. c4 e6 3. Nc3 Nf6 4. Bg5 Nbd7 5. cxd5 exd5 6. e3 Be7 7. Bd3 c6 8. Qc2 0-0 9. Rb1 a5 10. a3 Re8 11. Nf3 Nf8 12. 0-0 Ne4 13. Bxe7 Qxe7 14. Bxe4 dxe4 15. Nd2 Bf5 16. f3 Qg5 17. f4 Qg6 18. Na4 Nd7 19. Nc5 Nxc5 20. Qxc5 Red8 21. Qb6 Qd6 22. Rbc1 Qe7 23. Qc5 Qf6 24. Qe5 Qg6 25. Qc7 Rd7 26. Qb6 a4 27. Nc4 f6 28. Qb4 Rb8 29. Nb6 Rdd8 30. Qxa4 h5 31. Rc5 h4 32. Qa5 Bg4 33. Qa4 h3 34. g3 Be2 35. f5 Qh5 36. Rf4 Bd1 37. Qc4+ Kf8 38. Rh4 Qf7 39. Qxf7+ Kxf7 40. Rxe4 Re8 41. Rxe8 Rxe8 42. Kf2 Bg4 43. Nc4 Ke7 44. e4 Kd7 45. Nd2 Kd6 46. Ra5 Kc7 47. Ke3 Kb8 48. Kf4 Bd1 49. Rc5 Ba4 50. g4 Bb5 51. Rc3 Rd8 52. Ke3 Ba4 53. b3 Bb5 54. e5 Re8 55. Kf4 Rd8 56. Ke3 Kc7 57. Ne4 fxe5 58. dxe5 Rd1 59. Kf4 Kd7 60. Rxh3 Rf1+ 61. Kg5 Re1 62. e6+ 1-0

[Event "CRO-chT2 East"]
[Site "Osijek"]
[Date "2010.10.16"]
[Round "7.45"]
[White "Basrak, Srdjan"]
[Black "Radosavljevic, Petar"]
[Result "1-0"]
[WhiteElo "2279"]
[BlackElo "2109"]
[PlyCount "109"]
[EventDate "2010.04.17"]
[EventType "team-tourn"]
[EventRounds "11"]
[EventCountry "CRO"]
[SourceTitle "EXT 2012"]
[Source "ChessBase"]
[SourceDate "2011.11.24"]
[SourceVersion "1"]
[SourceVersionDate "2011.11.24"]
[SourceQuality "1"]

1. e4 e6 2. d4 d5 3. e5 c5 4. c3 Qb6 5. Nf3 Nc6 6. Be2 cxd4 7. cxd4 Nh6 8. Nc3 Nf5 9. Na4 Qa5+ 10. Kf1 Bd7 11. Bd2 Bb4 12. Bxb4 Qxb4 13. a3 Qe7 14. g4 Nh4 15. Nxh4 Qxh4 16. Nc5 Bc8 17. h3 h5 18. Kg2 hxg4 19. Bxg4 Qe7 20. b4 b6 21. Nb3 Ba6 22. Rc1 Rc8 23. Nd2 Qd7 24. Nf3 Bc4 25. Qd2 Ne7 26. h4 Qa4 27. h5 a5 28. bxa5 Qxa5 29. Qf4 Ng8 30. Qg5 Kf8 31. Nh4 Rh6 32. Rh3 Qa8 33. Rf3 Be2 34. Ng6+ Ke8 35. Rxf7 Kxf7 36. Qf4+ Nf6 37. Rxc8 Qxc8 38. Bxe2 Qc2 39. exf6 Qe4+ 40. Qxe4 dxe4 41. fxg7 Kxg7 42. Kg3 Kf6 43. Kf4 Rh7 44. Kxe4 Ra7 45. Nf4 Ra4 46. Bb5 Rxa3 47. Bc4 Ra1 48. Bxe6 Rh1 49. Bc4 Re1+ 50. Kd5 Kf5 51. Nd3 Rb1 52. Ne5 Kg5 53. Kc6 Kxh5 54. d5 Kg5 55. d6 1-0

[Event "CRO-chT2 East"]
[Site "Osijek"]
[Date "2010.04.24"]
[Round "4.55"]
[White "Radosavljevic, Petar"]
[Black "Djuric, Milan"]
[Result "1-0"]
[WhiteElo "2109"]
[BlackElo "2052"]
[PlyCount "67"]
[EventDate "2010.04.17"]
[EventType "team-tourn"]
[EventRounds "11"]
[EventCountry "CRO"]
[SourceTitle "EXT 2012"]
[Source "ChessBase"]
[SourceDate "2011.11.24"]
[SourceVersion "1"]
[SourceVersionDate "2011.11.24"]
[SourceQuality "1"]

1. d4 Nf6 2. c4 g6 3. Nc3 Bg7 4. e4 d6 5. Nf3 0-0 6. Be2 Nbd7 7. 0-0 c6 8. Ne1 e5 9. Be3 Qe7 10. f3 Ne8 11. Qd2 f5 12. Nc2 f4 13. Bf2 Ndf6 14. b4 b6 15. a4 Kh8 16. a5 Rb8 17. dxe5 dxe5 18. axb6 axb6 19. Na4 Qc7 20. Rfd1 Be6 21. Ra3 Nd7 22. c5 b5 23. Nb6 Nef6 24. Qd6 Qxd6 25. Rxd6 Nxb6 26. Rxe6 Na4 27. Rxc6 Rfd8 28. Be1 Nb2 29. Kf1 Nd7 30. Ra7 Nf8 31. Rcc7 Bf6 32. Rf7 Bg5 33. c6 Rdc8 34. Bc3 1-0

[Event "CRO-chT2 East"]
[Site "Osijek"]
[Date "2010.04.18"]
[Round "3.24"]
[White "Radosavljevic, Petar"]
[Black "Stanic, Ivica"]
[Result "1-0"]
[WhiteElo "2109"]
[BlackElo "2017"]
[PlyCount "39"]
[EventDate "2010.04.17"]
[EventType "team-tourn"]
[EventRounds "11"]
[EventCountry "CRO"]
[SourceTitle "EXT 2012"]
[Source "ChessBase"]
[SourceDate "2011.11.24"]
[SourceVersion "1"]
[SourceVersionDate "2011.11.24"]
[SourceQuality "1"]

1. d4 d5 2. c4 c6 3. Nc3 e6 4. Nf3 f5 5. g3 Bd6 6. b3 Nf6 7. Bg2 0-0 8. 0-0 Ne4 9. Qc2 Nd7 10. Bb2 Ndf6 11. Nxe4 Nxe4 12. Ne5 Qe8 13. f3 Ng5 14. e4 Qh5 15. exf5 exf5 16. Rae1 Re8 17. h4 Nf7 18. f4 dxc4 19. Bf3 Qh6 20. Ng4 1-0

[Event "CRO-chT2 East"]
[Site "Osijek"]
[Date "2010.04.17"]
[Round "2.65"]
[White "Radosavljevic, Petar"]
[Black "Radulovic, Bojan"]
[Result "1/2-1/2"]
[WhiteElo "2109"]
[BlackElo "2214"]
[PlyCount "115"]
[EventDate "2010.04.17"]
[EventType "team-tourn"]
[EventRounds "11"]
[EventCountry "CRO"]
[SourceTitle "EXT 2012"]
[Source "ChessBase"]
[SourceDate "2011.11.24"]
[SourceVersion "1"]
[SourceVersionDate "2011.11.24"]
[SourceQuality "1"]

1. d4 Nf6 2. c4 e6 3. a3 d5 4. Nc3 Be7 5. Bg5 Nbd7 6. e3 0-0 7. Rc1 c6 8. Bd3 dxc4 9. Bxc4 b5 10. Bd3 a6 11. b4 Bb7 12. Nf3 a5 13. Qb3 axb4 14. axb4 Nb6 15. Ne5 Qd6 16. Rb1 Nbd5 17. Na2 Ra4 18. 0-0 Rfa8 19. Rb2 Nxb4 20. Nxb4 Rxb4 21. Qxb4 Qxb4 22. Rxb4 Bxb4 23. Rc1 Nd5 24. Nxc6 f6 25. Bh4 Ba3 26. Rc2 Bxc6 27. Rxc6 Nb4 28. Bxb5 Nxc6 29. Bxc6 Rc8 30. d5 e5 31. g4 g5 32. Bg3 Bd6 33. Kg2 Kf7 34. Bd7 Rc4 35. Bf5 h6 36. Kf3 Ke7 37. Bd3 e4+ 38. Bxe4 Bxg3 39. hxg3 Kd6 40. Bg6 Rc5 41. Bf7 Ke5 42. Be6 Rc2 43. Bf5 Rd2 44. Be6 Rb2 45. Bg8 f5 46. gxf5 Kxf5 47. g4+ Ke5 48. Be6 Kd6 49. Kg3 Re2 50. Kf3 Rd2 51. Kg3 Rd3 52. Kf3 Rd1 53. Ke4 Rf1 54. f4 gxf4 55. exf4 Ke7 56. Ke5 Re1+ 57. Kf5 Rf1 58. Ke5 1/2-1/2

[Event "CRO-chT2c"]
[Site "Croatia"]
[Date "2009.05.02"]
[Round "5"]
[White "Bogdanovic, Aleksa"]
[Black "Radosavljevic, Petar"]
[Result "1/2-1/2"]
[WhiteElo "1944"]
[BlackElo "2125"]
[PlyCount "44"]
[EventDate "2009.04.04"]
[EventType "team-tourn"]
[EventRounds "11"]
[EventCountry "CRO"]
[SourceTitle "EXT 2010"]
[Source "ChessBase"]
[SourceDate "2010.11.25"]
[SourceVersion "1"]
[SourceVersionDate "2010.11.25"]
[SourceQuality "1"]

1. Nf3 d5 2. d4 Nf6 3. e3 g6 4. c4 e6 5. Nc3 Bg7 6. Bd3 0-0 7. 0-0 b6 8. cxd5 exd5 9. b3 Bb7 10. Ba3 Re8 11. Rc1 a6 12. Ne5 Nfd7 13. Nf3 Nf6 14. Qc2 Nbd7 15. Na4 Rc8 16. Qe2 Ra8 17. Rc2 Ne4 18. Rfc1 c6 19. Qf1 b5 20. Nc5 Ndxc5 21. Bxc5 Nxc5 22. Rxc5 a5 1/2-1/2

[Event "CRO-chT2c"]
[Site "Croatia"]
[Date "2009.04.04"]
[Round "1"]
[White "Cabrajac, Zdravko"]
[Black "Radosavljevic, Petar"]
[Result "1/2-1/2"]
[WhiteElo "2085"]
[BlackElo "2125"]
[PlyCount "27"]
[EventDate "2009.04.04"]
[EventType "team-tourn"]
[EventRounds "11"]
[EventCountry "CRO"]
[SourceTitle "EXT 2010"]
[Source "ChessBase"]
[SourceDate "2010.11.25"]
[SourceVersion "1"]
[SourceVersionDate "2010.11.25"]
[SourceQuality "1"]

1. e4 e6 2. d4 d5 3. Nc3 Bb4 4. e5 c5 5. a3 Bxc3+ 6. bxc3 Ne7 7. Qg4 0-0 8. Bd3 f5 9. exf6 Rxf6 10. Bg5 Rf7 11. Qh4 h6 12. Bd2 Nbc6 13. Nf3 Bd7 14. Ne5 1/2-1/2

[Event "CRO-chT2c"]
[Site "Croatia"]
[Date "2009.04.04"]
[Round "2"]
[White "Radosavljevic, Petar"]
[Black "Tonkovic, Josip"]
[Result "1/2-1/2"]
[WhiteElo "2125"]
[BlackElo "2076"]
[PlyCount "47"]
[EventDate "2009.04.04"]
[EventType "team-tourn"]
[EventRounds "11"]
[EventCountry "CRO"]
[SourceTitle "EXT 2010"]
[Source "ChessBase"]
[SourceDate "2010.11.25"]
[SourceVersion "1"]
[SourceVersionDate "2010.11.25"]
[SourceQuality "1"]

1. d4 Nf6 2. c4 g6 3. Nc3 d6 4. e4 Bg7 5. Nf3 0-0 6. Be2 Nc6 7. d5 Nb8 8. Nd4 c5 9. dxc6 Nxc6 10. Be3 a6 11. 0-0 Bd7 12. a3 Rc8 13. f3 Ne5 14. Qb3 Bc6 15. Nxc6 bxc6 16. Qa4 c5 17. Qxa6 Ra8 18. Qb5 Rb8 19. Qa4 Rxb2 20. Rfb1 Rxb1+ 21. Rxb1 Qa8 22. Qb3 Nc6 23. Qa2 Ng4 24. Bd2 1/2-1/2

[Event "Bizovac Metalis op 14th"]
[Site "Bizovac"]
[Date "2007.02.25"]
[Round "7"]
[White "Radosavljevic, Petar"]
[Black "Havas, Ladislav"]
[Result "1/2-1/2"]
[WhiteElo "2116"]
[BlackElo "2304"]
[PlyCount "29"]
[EventDate "2007.02.22"]
[EventType "swiss"]
[EventRounds "7"]
[EventCountry "CRO"]
[SourceTitle "CBM 116 Extra"]
[Source "ChessBase"]
[SourceDate "2007.03.07"]
[SourceVersion "1"]
[SourceVersionDate "2007.03.07"]
[SourceQuality "1"]

1. d4 f5 2. g3 Nf6 3. Bg2 g6 4. Nf3 Bg7 5. 0-0 0-0 6. c4 d6 7. Nc3 Qe8 8. d5 Na6 9. Nd4 Bd7 10. Rb1 c6 11. b4 Nxb4 12. a3 c5 13. Ne6 Bxe6 14. dxe6 Nc6 15. Rxb7 1/2-1/2

[Event "Bizovac Metalis op 09th"]
[Site "Bizovac"]
[Date "2002.02.21"]
[Round "2"]
[White "Jovanovic, Zoran"]
[Black "Radosavljevic, Petar"]
[Result "1-0"]
[WhiteElo "2360"]
[BlackElo "2130"]
[PlyCount "49"]
[EventDate "2002.02.21"]
[EventType "swiss"]
[EventRounds "7"]
[EventCountry "CRO"]
[SourceTitle "CBM 086 Extra"]
[Source "ChessBase"]
[SourceDate "2002.03.14"]
[SourceVersion "1"]
[SourceVersionDate "2002.03.14"]
[SourceQuality "1"]

1. e4 e6 2. d4 d5 3. Nc3 Bb4 4. Nge2 dxe4 5. a3 Bxc3+ 6. Nxc3 b6 7. Nxe4 Ne7 8. Bb5+ Bd7 9. Bd3 Bc6 10. c3 h6 11. 0-0 Nd7 12. Re1 Nf6 13. Nxf6+ gxf6 14. a4 h5 15. Bb5 Bxb5 16. axb5 Qd5 17. Qe2 Nf5 18. Bf4 Rg8 19. f3 Kd7 20. Kh1 Ne7 21. c4 Qf5 22. Be3 c6 23. bxc6+ Nxc6 24. d5 Ne5 25. Red1 1-0

[Event "Bosnjaci op 8th"]
[Site "Bosnjaci"]
[Date "2002.01.04"]
[Round "3"]
[White "Radosavljevic, Petar"]
[Black "Feletar, Darko"]
[Result "1/2-1/2"]
[WhiteElo "2130"]
[BlackElo "2469"]
[PlyCount "87"]
[EventDate "2002.01.03"]
[EventType "swiss"]
[EventRounds "7"]
[EventCountry "CRO"]
[SourceTitle "CBM 086 Extra"]
[Source "ChessBase"]
[SourceDate "2002.03.14"]
[SourceVersion "1"]
[SourceVersionDate "2002.03.14"]
[SourceQuality "1"]

1. d4 Nf6 2. c4 e6 3. a3 c5 4. d5 exd5 5. cxd5 d6 6. Nc3 g6 7. Nf3 Bg7 8. g3 0-0 9. Bg2 a6 10. a4 Re8 11. 0-0 Nbd7 12. h3 Rb8 13. a5 b5 14. axb6 Nxb6 15. Nd2 Nfd7 16. e4 Ne5 17. Qc2 f5 18. f4 Nf7 19. Kh2 Nh6 20. Re1 fxe4 21. Ndxe4 Nf5 22. g4 Nd4 23. Qd1 Nc4 24. Ra2 Nb3 25. Ng5 Nxc1 26. Rxe8+ Qxe8 27. Qxc1 Qe3 28. Qxe3 Nxe3 29. Bf3 Nc4 30. Nd1 Nxb2 31. Nxb2 Rxb2+ 32. Rxb2 Bxb2 33. Ne4 a5 34. Be2 a4 35. Nxd6 a3 36. Bc4 Ba6 37. Ba2 Bd3 38. Kg3 g5 39. Kf3 gxf4 40. Kxf4 Kf8 41. h4 Ke7 42. Nc4 Bf1 43. Kf3 Bxc4 44. Bxc4 1/2-1/2

[Event "Zadar op"]
[Site "Zadar"]
[Date "1997.??.??"]
[Round "1"]
[White "Radosavljevic, Petar"]
[Black "Cebalo, Miso"]
[Result "0-1"]
[WhiteElo "2170"]
[BlackElo "2485"]
[PlyCount "102"]
[EventDate "1997.12.??"]
[EventType "swiss"]
[EventRounds "9"]
[EventCountry "CRO"]
[SourceTitle "EXT 1999"]
[Source "ChessBase"]
[SourceDate "1998.11.16"]
[SourceVersion "1"]
[SourceVersionDate "1998.11.16"]
[SourceQuality "1"]

1. d4 Nf6 2. c4 g6 3. Nc3 Bg7 4. e4 d6 5. Nf3 0-0 6. Be2 Bg4 7. 0-0 Nfd7 8. h3 Bxf3 9. Bxf3 a6 10. Be3 c5 11. dxc5 dxc5 12. Qc2 Nc6 13. Rad1 Nd4 14. Bxd4 cxd4 15. Ne2 e5 16. Nc1 h5 17. Nd3 Qe7 18. Qb3 b6 19. Nb4 Rfc8 20. Nd5 Qd6 21. g4 h4 22. g5 Rc6 23. Qa4 Kh8 24. Rfe1 Nc5 25. Qb4 Qd8 26. Kh1 Qxg5 27. Rg1 Qd8 28. Qd2 a5 29. Bg2 Ne6 30. b3 Kh7 31. Qe2 Bh6 32. Qg4 a4 33. Qf3 Kg7 34. Bf1 axb3 35. axb3 Ra2 36. Nb4 Qa8 37. Nxc6 Qxc6 38. Rg4 Bf4 39. Bg2 Ng5 40. Qd3 Rxf2 41. Rxh4 Be3 42. Rg4 Ne6 43. Rf1 Rd2 44. Qb1 Nf4 45. h4 Nd3 46. Rg3 Nf2+ 47. Rxf2 Rxf2 48. h5 Qf6 49. Rh3 Qg5 50. Bf3 Rc2 51. Qf1 Qf4 0-1